Sức bền vật liệu

Sách gồm 15 chương trình bày những phần lý thuyết chủ yếu của sức bền vật liệu, các chương mục được bố trí nhằm tạo điều kiện để các đối tượng khác nhau tìm hiểu môn học với mức độ khác nhau, dễ dàng tiếp thu phần cơ bản và nh...

Disgrifiad llawn

Wedi'i Gadw mewn:
Manylion Llyfryddiaeth
Prif Awdur: Lê, Ngọc Hồng
Fformat: Llyfr
Iaith:Undetermined
Cyhoeddwyd: Hà Nội Khoa học và Kỹ thuật 2002
Pynciau:
Tagiau: Ychwanegu Tag
Dim Tagiau, Byddwch y cyntaf i dagio'r cofnod hwn!
Thư viện lưu trữ: Trung tâm Học liệu Trường Đại học Cần Thơ
LEADER 01022nam a2200205Ia 4500
001 CTU_48787
008 210402s9999 xx 000 0 und d
020 |b 33.000đ 
082 |a 620.112 
082 |b H455 
100 |a Lê, Ngọc Hồng 
245 0 |a Sức bền vật liệu 
245 0 |c Lê Ngọc Hồng 
260 |a Hà Nội 
260 |b Khoa học và Kỹ thuật 
260 |c 2002 
520 |a Sách gồm 15 chương trình bày những phần lý thuyết chủ yếu của sức bền vật liệu, các chương mục được bố trí nhằm tạo điều kiện để các đối tượng khác nhau tìm hiểu môn học với mức độ khác nhau, dễ dàng tiếp thu phần cơ bản và những vấn đề riêng biệt cần thiết cho học tập chuyên môn. 
650 |a strength of materials 
904 |i Minh 
980 |a Trung tâm Học liệu Trường Đại học Cần Thơ